000 00512cam a22002051 4500
001 2165903
005 20180202051455.0
008 720107s1960 nyua b 000 0 eng
010 _a 59009991
040 _aDLC
_cDLC
_dICU
_dDLC
041 _aeng
080 _a545
082 0 0 _a545 LAI
100 1 _a12
101 _aKIM
245 0 0 _aChemical analysis;
504 _aIncludes bibliography.
906 _a7
_bcbc
_corignew
_du
_eocip
_f19
_gy-gencatlg
942 _2ddc
_cBK
999 _c41627
_d41627